000 00656nam a2200241Ia 4500
003 OSt
005 20221007065621.0
006 a|||||r|||| 00| 0
007 ta
008 221006b |||||||| |||| 00| 0 eng d
024 _a3,184
037 _cTextual
040 _aFLL
_cFLL
_beng
041 _2eng
_aeng
082 _aZ2,166, 1999
100 _aSirohi J.P.S.
_9565108
245 0 _aLaw of insolvency in India
260 _aFaridabad
_bAllahabad law agency India
_c1999
300 _a251
_ccm.
650 _aLaw of insolvency in India
_9681534
942 _hZ2,166, 1999
_cTEXL
_2CC
999 _c1137836
_d1137836